|
|
|
|
| LEADER |
00000cam a22000004a 4500 |
| 001 |
musev2_23934 |
| 003 |
MdBmJHUP |
| 005 |
20230905042540.0 |
| 006 |
m o d |
| 007 |
cr||||||||nn|n |
| 008 |
160126s2016 nyu o 00 0 eng d |
| 020 |
|
|
|a 9781479802678
|
| 020 |
|
|
|z 9780814777084
|
| 035 |
|
|
|a (OCoLC)867740682
|
| 040 |
|
|
|a MdBmJHUP
|c MdBmJHUP
|
| 100 |
1 |
|
|a Rey, Terry,
|e author.
|
| 245 |
1 |
0 |
|a Crossing the Water and Keeping the Faith :
|b Haitian Religion in Miami /
|c Terry Rey, Alex Stepick, and Archbishop Thomas Wenski.
|
| 264 |
|
1 |
|a New York :
|b New York University Press,
|c 2016.
|
| 264 |
|
3 |
|a Baltimore, Md. :
|b Project MUSE,
|c 2013
|
| 264 |
|
4 |
|c ©2016.
|
| 300 |
|
|
|a 1 online resource (272 pages):
|b illustrations (black and white), maps (black and white)
|
| 336 |
|
|
|a text
|b txt
|2 rdacontent
|
| 337 |
|
|
|a computer
|b c
|2 rdamedia
|
| 338 |
|
|
|a online resource
|b cr
|2 rdacarrier
|
| 490 |
0 |
|
|a North American religions
|
| 520 |
8 |
|
|a A historical and ethnographic study of Haitian religion in immigrant communities, based on fieldwork in both Miami and Haiti, as well as extensive archival research.
|
| 588 |
|
|
|a Description based on print version record.
|
| 610 |
2 |
7 |
|a Catholic Church.
|2 fast
|0 (OCoLC)fst00531720
|
| 610 |
2 |
0 |
|a Catholic Church
|z Florida
|z Miami.
|
| 651 |
|
7 |
|a Florida
|z Miami.
|2 fast
|0 (OCoLC)fst01213727
|
| 651 |
|
0 |
|a Miami (Fla.)
|x Religion.
|
| 650 |
|
7 |
|a Vodou.
|2 fast
|0 (OCoLC)fst01801724
|
| 650 |
|
7 |
|a Religion.
|2 fast
|0 (OCoLC)fst01093763
|
| 650 |
|
6 |
|a Vaudou
|z Floride
|z Miami.
|
| 650 |
|
6 |
|a Americains d'origine haïtienne
|z Floride
|z Miami
|x Religion.
|
| 650 |
|
6 |
|a Haïtiens
|z Floride
|z Miami
|x Religion.
|
| 650 |
|
0 |
|a Vodou
|z Florida
|z Miami.
|
| 650 |
|
0 |
|a Haitian Americans
|z Florida
|z Miami
|x Religion.
|
| 650 |
|
0 |
|a Haitians
|z Florida
|z Miami
|x Religion.
|
| 655 |
|
7 |
|a Electronic books.
|2 local
|
| 710 |
2 |
|
|a Project Muse.
|e distributor
|
| 830 |
|
0 |
|a Book collections on Project MUSE.
|
| 856 |
4 |
0 |
|z Texto completo
|u https://projectmuse.uam.elogim.com/book/23934/
|
| 945 |
|
|
|a Project MUSE - Custom Collection
|
| 945 |
|
|
|a Project MUSE - 2013 US Regional Studies, South
|
| 945 |
|
|
|a Project MUSE - 2013 Latin American and Caribbean Studies
|
| 945 |
|
|
|a Project MUSE - 2013 Complete
|